LEADER 01291nam 2200385 450 001 990000351050203316 035 $a0035105 035 $aUSA010035105 035 $a(ALEPH)000035105USA01 035 $a0035105 100 $a20010307d1983----km-y0itay0103----ba 101 $aeng 102 $aDE 105 $a||||||||001yy 200 1 $aCAAP '83$etrees in algebra and programming$e8th colloquium$eL'Aquila, march 9-11, 1983$eproceedings$fedited by G. Ausiello and M. Protasi 210 $aBerlin$cSpringer Verlag$d1983 215 $aVI, 416 p.$cill.$d24 cm 225 2 $aLecture notes in computer science$v159 410 1$12001$aLecture notes in computer science$v159 461 1$1001-------$12001 610 0 $aAlberi (Grafi)$xElaborazione dei dati$xCongressi 610 0 $aAlberi(Grafi)$xStrutture dei dati$xCongressi$z1983 676 $a511.5 710 12$acaap '83 <8.; L'Aquila; 1983>$0543205 801 0$aIT$bsalbc$gISBD 912 $a990000351050203316 951 $a001 LNCS 159$b17329$c001 LNCS$d00101484 959 $aBK 969 $aSCI 979 $aTAMI$b40$c20010307$lUSA01$h1220 979 $aTAMI$b40$c20010307$lUSA01$h1221 979 $c20020403$lUSA01$h1643 979 $aPATRY$b90$c20040406$lUSA01$h1624 996 $aCAAP '83$9878422 997 $aUNISA LEADER 01415nam 2200445 450 001 9910554854803321 005 20220421154632.0 010 $a1-5231-4384-3 010 $a1-119-76915-9 010 $a1-119-76916-7 010 $a1-119-76917-5 035 $a(CKB)4100000011993132 035 $a(MiAaPQ)EBC6690678 035 $a(Au-PeEL)EBL6690678 035 $a(OCoLC)1264469423 035 $a(EXLCZ)994100000011993132 100 $a20220421d2021 uy 0 101 0 $aeng 135 $aurcnu|||||||| 181 $ctxt$2rdacontent 182 $cc$2rdamedia 183 $acr$2rdacarrier 200 00$aUnmanned aerial vehicles for Internet of Things (IoT) $econcepts, techniques, and applications /$fedited by Vandana Mohindru [and three others] 210 1$aHoboken, New Jersey ;$aBeverly, Massachusetts :$cJohn Wiley & Sons, Inc. :$cScrivener Publishing LLC,$d[2021] 210 4$dİ2021 215 $a1 online resource (276 pages) 300 $aIncludes index. 311 $a1-119-76882-9 606 $aDrone aircraft$xControl systems 608 $aElectronic books. 615 0$aDrone aircraft$xControl systems. 676 $a629.1326 702 $aMohindru$b Vandana 801 0$bMiAaPQ 801 1$bMiAaPQ 801 2$bMiAaPQ 906 $aBOOK 912 $a9910554854803321 996 $aUnmanned aerial vehicles for Internet of Things (IoT)$92834377 997 $aUNINA